Space Invaders Pixelkunst #1 - Sudden Death - Statistiken

Allgemein
  • Dieses Quiz wurde 225 mal gespielt
  • Das Durchschnittsergebnis liegt bei 15 aus 46
Answers on the Grid
Answers color-coded by a green-red scale on the quiz's grid according to % correct below.
 
Antwortstatistiken
Antwort % Korrekt
62%
58%
55%
48%
48%
47%
47%
45%
45%
44%
43%
41%
41%
38%
37%
37%
35%
34%
33%
33%
31%
30%
30%
30%
29%
29%
29%
28%
28%
28%
28%
28%
27%
27%
26%
26%
24%
24%
24%
23%
22%
22%
22%
21%
21%
19%
Keine übereinstimmenden Quizze gefunden
Verteilung der Resultate
Anzahl Personen mit jedem Resultat
Perzentil nach korrekt beantworteten Fragen
Ihre Resultats-Entwicklung
Sie haben dieses Quiz noch nicht gespielt